000
00188nam a2200085Ia 4500
008
120527s9999 xx 000 0 und d
100
_a
Lefrancois, R.g
245
_a
The lifespan
942
_c
BK
999
_c
27570
_d
27570